00307nam a2200121Ia 4500008004100000100001600041245004200057260004100099300000900140650001400149942000700163999001500170190216s9999||||xx |||||||||||||| ||und|| aTandon B C 0aEconomic Planning Theory And Practise bChaithanya Pub.House Allahabadc1986 a480p aEconomics cBK c9507d9507